Hurricane from China.

Bibliographic Details
Main Author: Warner, Denis, 1917-2012
Format: Book
Language:English
Published: New York : Macmillan, 1961.
Series:Crucial age series
Subjects:

MARC

Tag First Indicator Second Indicator Subfields
LEADER 00000cam a2200000 4500
001 in00000060378
005 20151007082552.0
008 720306s1961 eng u
010 |a  61015188  
035 |a (OCoLC)00255948 
035 |9 AAF8077AM 
040 |c YNG  |d TXA  |d UtOrBLW 
049 |a TXAM  |c [344242] 
050 0 |a DS777.55  |b .W397 
092 |a 327.51  |b W281h 
100 1 |a Warner, Denis,  |d 1917-2012. 
245 1 0 |a Hurricane from China. 
264 1 |a New York :  |b Macmillan,  |c 1961. 
300 |a 210 pages 
336 |a text  |b txt  |2 rdacontent 
337 |a unmediated  |b n  |2 rdamedia 
338 |a volume  |b nc  |2 rdacarrier 
490 0 |a Crucial age series 
600 1 0 |a Mao, Zedong,  |d 1893-1976. 
651 0 |a China  |x Foreign relations. 
999 |a MARS 
999 f f |s b260b103-70bc-3266-b91f-9aadff062279  |i 754e2c70-2819-3ac6-870a-dc4343493336  |t 0 
952 f f |p ric  |a Texas A&M University  |b Rellis Campus  |c Joint Library Facility  |d Remote Storage  |t 0  |e DS777.55 .W397  |h Library of Congress classification  |i unmediated -- volume  |m A14800676337 
998 f f |a DS777.55 .W397  |t 0  |l Remote Storage